| 000 | 01016nam a2200265 i 4500 | ||
|---|---|---|---|
| 001 | bgj | ||
| 100 | 1 | _aHANCOCK, Mark | |
| 245 | 1 | 0 |
_aPronunciation Games / _cMark Hancock. |
| 260 |
_aCambridge (UK) : _bCambridge University Press, _c2000. |
||
| 300 |
_a108 pp : _bill. ; _c30 cm. |
||
| 490 | 1 | _aCambridge Copy Collection | |
| 501 | _a"May be photocopied free of charge for classroom use". | ||
| 505 | _a"The phonetic transcriptions of words provided in this book are as given in British published dictionaries. These represent the accent called Received Pronunciation". | ||
| 650 | 9 |
_aEnglish language _xPronunciation by foreign speakers _xProblems, excersises, etc. |
|
| 650 | 9 |
_aEnglish language _xPronunciation _xStudy and teaching |
|
| 650 | 9 | _aActivity programs in education | |
| 650 | 9 | _aEducational games | |
| 830 | _aCambridge Copy Collection | ||
| 020 | _a0521467357 | ||
| 040 | _cBPK | ||
| 041 | 0 | _aeng | |
| 920 | _a0-521-46735-7 | ||
| 942 | _cKS | ||
| 008 | s uk f |000 0 eng | ||
| 999 |
_c48561 _d48561 |
||
| 856 |
_uhttp://koha.tu.koszalin.pl/cgi-bin/koha/opac-detail.pl?biblionumber=48561 _yKatalog online BPK |
||